000 00308nam a22001457a 4500
008 210604b ||||| |||| 00| 0 eng d
020 _a9780393928136
041 _aeng
080 _a574
082 _a574
100 _a9
101 _aMJE
245 _aEarth Science
_cStephen Marshak
942 _2udc
_cBK
999 _c57960
_d57960